Encyclopedia of law and economics
Saved in:
| Other Authors: | , |
|---|---|
| Format: | Book |
| Language: | English |
| Published: |
Cheltenham :
Edward Elgar,
1999.
|
| Subjects: | |
| Tags: |
Add Tag
No Tags, Be the first to tag this record!
|
MARC
| LEADER | 00000cam a2200000 i 4500 | ||
|---|---|---|---|
| 001 | 1/10031 | ||
| 008 | 000829s2000 eng d | ||
| 020 | |a 1-85898-985-X | ||
| 035 | |l 10063281 | ||
| 040 | |a GR-MY-UA |b gre |e aacr | ||
| 041 | 0 | |a eng | |
| 082 | 0 | |a 330 | |
| 245 | 1 | 0 | |a Encyclopedia of law and economics / |c edited by Boudewijn Bouckaert and Gerrit De Geest. |
| 260 | |a Cheltenham : |b Edward Elgar, |c 1999. | ||
| 300 | |a 807 σ. | ||
| 504 | |a Περιλαμβάνει βιβλιογραφικές παραπομπές. | ||
| 505 | 0 | |a Volume 2: Civil law and economimcs | |
| 650 | 0 | 0 | |a Law and economics |x Encyclopedias. |
| 700 | 1 | |a Bouckaert, Boudewijn, |e edt | |
| 700 | 1 | |a Geest, Gerrit de, |e edt | |
| 852 | |a INST |b LESVOS |e 20000829 |h 330 ENC |p 005100025598 |q 005100025598 |t REF |y 23 |z v.2 | ||
| 852 | |a INST |b LESVOS |e 20000829 |h 330 ENC |p 005100025598 |q 005100025598 |t REF |v v.2: |y 23 |z v.2 | ||
| 853 | |a INST |b LESVOS |h 330 ENC | ||
| 901 | |a BIBL1-2000-2 | ||
| 909 | |a Λ |b 080878 | ||
| 922 | |a 1ΕΛΗ |b 200008 |c ΚΠΣ/ΠΜΣ |d ΠΑΠΑΣΩΤΗΡΙΟΥ | ||
| 950 | |a 157-1999-04-07 | ||
| 970 | |a ΜΟΥΣΤΑΚΑ |b ΠΗΝΕΛΟΠΗ |z 2000/08/30 | ||